00349nam a2200109Ia 4500008004100000082002000041100001900061245004700080260003900127300000800166650006500174211119s9999||||xx |||||||||||||| ||und|| a641.5638bFRA-T aFrancis, Fraby 0aThadi Kuraykkan Enthinu Pattini Kidakkanam bMathrubhoomi BooksaKottayamc2008 a46p aTechnologyvHome & family managementEconomicsxGeneral Stack